01009nam a22002297a 450000500170000000800410001705000210005810000370007924501430011626000280025930000280028733700100031533800140032533900140033950000310035350502000038465000290058465000250061394200120063895201120065099900170076220231102151544.0130417t2009 mx a 000 0 spa d aQ180 S25 2009b1 aSALINAS ÁLVAREZ, Samueleautor10aDesarrollo de competencias en Ciencia, Tecnología, Sociedad y Valores 1:bcontenidos y secuencias didácticascSamuel Salinas Álvarez aMéxico: bGES,c2009. a256 p. ;bil. :c27 cm. aTexto aSin medio aVolúmen aBachillerato Tecnológico a¿Que puedo hacer yo para contriburi al desarrollo? -- ¿Comó puedo contribuir a un uso sustentable de recursos? -- ¿Cómo puedo contribuir a la gestión democrática del riesgo ambiental?  a1.Ciencia xTecnología a2.Sociedad y valores 2lcccLB 00102lcc4070a04b04d2013-04-17l5oQ180 S25 2009p05 001300r2023-05-30s2019-07-24t1w2013-04-17yLB c89485d89485